Major Religions of India - Statistics

General Stats
  • This quiz has been taken 107 times
  • The average score is 5 of 6
Answer Stats
# People Religion % Correct
8,400,000 Buddhism
98%
172,000,000 Islam
98%
966,000,000 Hinduism
97%
24,000,000 Christianity
89%
22,000,000 Sikhism
74%
4,500,000 Jainism
67%
No matching quizzes found
Score Distribution
Percent of People with Each Score
Percentile by Number Answered
Your Score History
You have not taken this quiz